Music Quiz

Random Music or Song Quiz
Score 0/30 Timer 08:00
0 Plays Today
% Correct
hair
89.4%
affair
88.3%
where
87.7%
prayer
87.4%
Cher
87.1%
stare
87%
dare
86.8%
swear
86.6%
pair
86.6%
spare
86.3%
wear
86.3%
bare
85.8%
aware
85.7%
repair
85.7%
care
85.6%
% Correct
nowhere
84.8%
fair
84.4%
there
83.6%
compare
83.4%
mare
83.3%
Pierre
82.1%
square
81.1%
flair
80.9%
scare
80.7%
ne'er
80.6%
air
80.2%
unfair
80.1%
prepare
78.6%
tear
78.2%
pear
76.9%
Remove Ads.
Support Sporcle.
Get the best of Sporcle when you Go Orange. This ad-free experience offers more features, more stats, and more fun while also helping to support Sporcle. Thank you for becoming a member.

You're not logged in!

Compare scores with friends on all Sporcle quizzes.
OR
Log In

Show Comments

Extras

Top Quizzes Today


Score Distribution

Your Account Isn't Verified!

In order to create a playlist on Sporcle, you need to verify the email address you used during registration. Go to your Sporcle Settings to finish the process.

Report this User

Report this user for behavior that violates our Community Guidelines.

Details: